000 00656nam a2200181Ia 4500
008 100921s9999 xx 000 0 und d
082 _b29512
_a808.068 थ 97
100 _aसोवनी मधुकर विष्णु.
245 _aगनिमी कावा-1.
260 _bपूर्वा प्रकाशन, पुणे.
_c1997
300 _a40
_bशब्दवेध,पुणे.
365 _b20
520 _aललित-बालवाङ्रमय.
630 _aगनिमी कावा-1.
650 _aललित-बालवाङ्रमय.
730 _aगनिमी कावा-1.
942 _cBOOK
999 _c778625
_d778622